| 000 | 01484cab a2200241 4500 | ||
|---|---|---|---|
| 001 | ABS59329 | ||
| 008 | 090401t1998 xxu||||| |||| 00| 0 eng d | ||
| 035 | _a(Sirsi) u88837 | ||
| 041 | _aeng | ||
| 245 | _aR v North Lincolnshire C ex p Horticultural and Garden Sales (Humberside) Ltd | ||
| 260 | _c1998 | ||
| 350 | _a0 | ||
| 490 |
_aProperty and Compensation Reports _v[1998] 76 P&CR 363-373(11) |
||
| 520 | _aThe applicant company carried on business inter alia of peat extraction from a plot in Doncaster, in respect of which planning permission for mineral extraction had been granted in 1951. Following a boundary change in 1994, the site became partitioned so that whilst part of the land remained in Doncaster, the remainder of the land was transferred within the administrative boundary of Humberside MBC. The site was not included in its list of minerals sites under the Environment Act 1995. No application was made to remedy the situation within the statutory timetable. In 1996 the applicant was informed that the omission was fatal to the continued existence of the site. The applicant sought judicial review of that decision. Held; application dismissed. | ||
| 650 | _aBOUNDARY CHANGES | ||
| 650 | _aENVIRONMENT ACT 1995 | ||
| 650 | _aMINERAL EXTRACTION | ||
| 650 | _aMINERALS PERMISSION | ||
| 650 | _aR V NORTH LINCOLNSHIRE DC EX P HORTICULTURAL AND GARDEN SALES LTD | ||
| 690 | _aMINING AND MINERALS-CASE LAW | ||
| 942 | _n0 | ||
| 948 | _c06/10/1998 | ||
| 999 |
_c56176 _d56176 |
||